All NXT Takeover Main Events - Statistics

General Stats
  • This quiz has been taken 615 times
    496 since last reset
  • The average score is 83 of 98
Answer Stats
Hint Answer % Correct
War Games Adam Cole
98%
War Games 2 Adam Cole
98%
New York Adam Cole
97%
XXV Adam Cole
97%
Toronto 2019 Adam Cole
97%
War Games 3 Adam Cole
97%
Portland Adam Cole
97%
War Games 4 Adam Cole
97%
Chicago Johnny Gargano
96%
Philadelphia Johnny Gargano
96%
New Orleans Johnny Gargano
96%
Chicago 2 Johnny Gargano
96%
Brooklyn 4 Johnny Gargano
96%
War Games Bobby Fish
95%
War Games 2 Bobby Fish
95%
Brooklyn Finn Balor
95%
London Finn Balor
95%
Dallas Finn Balor
95%
The End Finn Balor
95%
31 Finn Balor
95%
Vengeance Day Finn Balor
95%
New York Johnny Gargano
95%
XXV Johnny Gargano
95%
Toronto 2019 Johnny Gargano
95%
Rival Kevin Owens
95%
Unstoppable Kevin Owens
95%
Brooklyn Kevin Owens
95%
War Games 3 Kevin Owens
95%
Phoenix Tomasso Ciampa
95%
War Games Roderick Strong
94%
War Games 2 Roderick Strong
94%
Fatal 4 Way Sami Zayn
94%
R Evolution Sami Zayn
94%
Rival Sami Zayn
94%
Unstoppable Sami Zayn
94%
Chicago Tomasso Ciampa
94%
New Orleans Tomasso Ciampa
94%
Chicago 2 Tomasso Ciampa
94%
Brooklyn 4 Tomasso Ciampa
94%
London Samoa Joe
92%
Dallas Samoa Joe
92%
The End Samoa Joe
92%
Brooklyn 2 Samoa Joe
92%
Toronto Samoa Joe
92%
War Games 3 Tomasso Ciampa
92%
Portland Tomasso Ciampa
92%
ArRival Adrian Neville
91%
Takeover Adrian Neville
91%
Fatal 4 Way Adrian Neville
91%
R Evolution Adrian Neville
91%
War Games 3 Bobby Fish
90%
War Games 4 Bobby Fish
90%
War Games 3 Roderick Strong
90%
War Games 4 Roderick Strong
90%
Brooklyn 2 Shinsuke Nakamura
90%
Toronto Shinsuke Nakamura
90%
San Antonio Shinsuke Nakamura
90%
Orlando Shinsuke Nakamura
90%
War Games 3 Keith Lee
88%
XXX Keith Lee
88%
San Antonio Bobby Roode
86%
Orlando Bobby Roode
86%
Brooklyn 3 Bobby Roode
86%
War Games 3 Kyle O'Reilly
85%
31 Kyle O'Reilly
85%
War Games 4 Kyle O'Reilly
85%
Brooklyn 3 Drew McIntyre
84%
ArRival Bo Dallas
82%
War Games 4 Pete Dunne
82%
Vengeance Day Pete Dunne
82%
XXX Karrion Kross
80%
War Games 2 Kyle O'Reilly
80%
War Games 2 Pete Dunne
79%
Phoenix Aleister Black
78%
War Games Kyle O'Reilly
78%
Respect Sasha Banks
78%
Respect Bayley
77%
Chicago Akam
73%
War Games Akam
73%
Chicago Rezar
73%
In Your House Charlotte Flair
72%
War Games Rezar
72%
In Your House Rhea Ripley
68%
War Games 2 Ricochet
68%
Philadelphia Andrade Almas
64%
Fatal 4 Way Tyler Breeze
63%
Takeover Tyson Kidd
62%
Fatal 4 Way Tyson Kidd
62%
In Your House Io Shirai
61%
War Games Eric Young
59%
War Games Killian Dain
57%
War Games Alexander Wolfe
56%
War Games 4 Pat McAfee
56%
War Games 3 Dominik Dijakovic
53%
War Games 4 Oney Lorcan
50%
War Games 2 Hanson
48%
War Games 4 Danny Burch
47%
War Games 2 Rowe
47%
No matching quizzes found
Score Distribution
Percent of People with Each Score
Percentile by Number Answered
Your Score History
You have not taken this quiz since the last reset